000 00920nam a2200217 a 4500
001 65772
003 BD-RjUL
005 20211209081449.0
008 170312s2003 bg |||| |||| 000 0 ben d
035 _a(BD-RjUL)65902
040 _aBD-RjUL
_beng
_cBD-RjUL
041 _aeng
082 _223
_a891.4414
_bSAR 2003
100 1 _aসাত্তার, আবদুস
_9194510
245 1 0 _aরবীন্দ্রবিশ্বে পতিসর /
_cআবদুস সাত্তার.
260 _aঢাকা :
_bপদ্মা-যমুনা প্রকাশনী,
_c২০০৩.
300 _a১৩৫ পৃ ;
_c২২ সে. মি.
600 _aঠাকুর, রবীন্দ্রনাথ,
_c১৮৬১-১৯৪১
_xসমালোচনা ও ব্যাখ্যা
_9195097
600 _aTagore, Rabindranath,
_d1861-1941
_xCriticism and interpretation
_9195098
942 _2ddc
_cBK
999 _c65772
_d65772